Online Public Access Catalogue

Community/public health nursing practice : (Record no. 8453)

MARC details
000 -LEADER
fixed length control field 00854cam a2200253 a 4500
020 ## - INTERNATIONAL STANDARD BOOK NUMBER
International Standard Book Number 9781455707621 (pbk. : alk. paper)
035 ## - SYSTEM CONTROL NUMBER
System control number (DNLM)101586772
042 ## - AUTHENTICATION CODE
Authentication code pcc
060 10 - NATIONAL LIBRARY OF MEDICINE CALL NUMBER
Classification number WY 106
082 00 - DEWEY DECIMAL CLASSIFICATION NUMBER
Classification number 610.7343
Author Mark COM
100 ## - MAIN ENTRY--PERSONAL NAME
Author Name Maurer, Frances A. (ed)
245 00 - TITLE STATEMENT
Title Community/public health nursing practice :
Subtitle health for families and populations /
250 ## - EDITION STATEMENT
Edition statement 5th ed.
260 ## - PUBLICATION, DISTRIBUTION, ETC.
Place of publication, distribution, etc. St. Louis, Mo. :
Name of publisher, distributor, etc. Elsevier/Saunders,
Date of publication, distribution, etc. c2013.
300 ## - PHYSICAL DESCRIPTION
No of Pages xviii, 870 p. :
illustrations col. ill., col. maps ;
Dimensions 28 cm.
504 ## - BIBLIOGRAPHY, ETC. NOTE
Bibliography, Index, etc. note Includes bibliographical references and index.
650 12 - SUBJECT ADDED ENTRY--TOPICAL TERM
Subject Nursing
Keywords Community Health Nursing
650 22 - SUBJECT ADDED ENTRY--TOPICAL TERM
Subject Public Health Nursing
906 ## - LOCAL DATA ELEMENT F, LDF (RLIN)
a 7
b cbc
c orignew
d 1
e ecip
f 20
g y-gencatlg
942 ## - ADDED ENTRY ELEMENTS (KOHA)
Source of classification or shelving scheme
Koha item type Books
Holdings
Item status Home library Current library Shelving location Date acquired Total Checkouts Full call number Barcode Date last seen Date last checked out Koha item type
  Islamabad Medical and Dental College Islamabad Medical and Dental College Islamabad Medical and Dental College 16/03/2018 2 610.7343 COM 10238 30/04/2024 29/02/2024 Books
  Islamabad Medical and Dental College Islamabad Medical and Dental College Islamabad Medical and Dental College 16/03/2018   610.7343 COM 10239 16/03/2018   Books

Copyright @ IMDC Library
Islamabad Medical and Dental College
Bhara Kahu, Islamabad

  Contact the Librarian, IMDC
  Email:: library@imdcollege.edu.pk

  OPAC Customized by
  Mazhar Hussain,
  Librarian:
  Islamabad Medical and Dental College
  Email:: library@imdcollege.edu.pk